000 00318 a2200121 4500
005 20250628144234.0
020 _a97801313555583
082 _a658.1511 HOR
245 _aCost Accounting: Managerial Emphasis.
300 _a896p.
_bIndex
_c27cm.
700 _a DATAR, S, FOSTER, G, RAJAN, M & ITTNER, C.
942 _2ddc
_cBKS
999 _c6062
_d6062